=LDR 00000nam 2200000 4500 =001 INLIS000000000000723 =005 20200902105629 =035 ##$$a 0010-061300000000723 =008 200902################g##########0#ind## =041 ##$$a Ind =082 ##$$a 301 =090 ##$$a 301, Sum-p =100 1#$$a Sumaatmaja, Nursid =245 1#$$a Perspektif studi sosial, /$c Drs. Nursid Sumaatmadja =260 ##$$a 1980 :$b Bandung =300 ##$$a x, 182 hlm, : $b ilus ; $c 14 x 21 cm =650 #4$$a Sosiologi =850 ##$$a NBPNMAT =084 ##$$a 301 SUM p =250 ##$$a cet. 1 =990 ##$$a DW99000797 =990 ##$$a DW99000797